| 000 | 02720cam a2200589Ii 4500 | ||
|---|---|---|---|
| 001 | sjds974946618 | ||
| 003 | sjds | ||
| 005 | 20240318203249.0 | ||
| 008 | 170310t20162016xxua j 000 1 eng d | ||
| 020 | _a9780997979701 | ||
| 020 | _a0997979704 | ||
| 020 | _a9780997979725 | ||
| 020 | _a0997979720 | ||
| 020 | _a9781612443195 | ||
| 020 | _a1612443192 | ||
| 035 |
_a(OCoLC)974946618 _z(OCoLC)1019711121 |
||
| 035 | _a(OCoLC)974946618 | ||
| 035 | _a(OCoLC)ocn974946618 | ||
| 040 |
_aJOV _beng _erda _cJOV _dJOV _dOCLCO _dOCLCF _dFOLLT _dOCLCO _dOCL _dOCLCO _dGZN _dSZR _dHCO _dUPM _dZQP _dJDP _dOCLCO _dDVP |
||
| 041 | 0 |
_aeng _aspa _heng |
|
| 043 | _ancgt--- | ||
| 100 | 1 |
_aCarter, Andy, _d1948- _eauthor. |
|
| 245 | 1 | 0 |
_aBosque de Don Margarito = _bMargarito's forest / _cby Andy Carter ; illustrations by Allison Havens ; K'iche tranlations by Eduardo Elas and Manuel Hernandez ; translated by Omar Mejia. |
| 246 | 3 | 1 | _aMargarito's forest |
| 260 |
_a[United States?] : _bHard Ball Press, _cc2016. |
||
| 264 | 1 |
_a[United States?] : _bHard Ball Press, _c[2016] |
|
| 264 | 4 | _cc2016. | |
| 300 |
_a38 pages : _bcolor illustrations ; _c23 cm. |
||
| 336 |
_atext _btxt _2rdacontent. |
||
| 336 |
_astill image _bsti _2rdacontent. |
||
| 337 |
_aunmediated _bn _2rdamedia. |
||
| 338 |
_avolume _bnc _2rdacarrier. |
||
| 500 | _aTranslated from the English. | ||
| 500 | _aIn statement of responsibility "translations" is misspelled as tranlations. | ||
| 520 | _aMargarito's Forest, a bilingual book in English and Spanish with excerpts in K'iche', is based on the life of Don Margarito Esteban Alvarez Velazquez as told by his daughter, Dona Maria Guadalupe. It is a story of Maya culture and wisdom passed from one generation to the next. As the devastating effects of climate change become clear, Don Margarito's life and the ways of the Maya offer timely wisdom for a planet in peril. | ||
| 546 | _aText mainly in English and Spanish with some Quiche. | ||
| 586 | _aAmericas Award commended title, 2017. | ||
| 650 | 0 |
_aMayas _zGuatemala _vJuvenile fiction. |
|
| 650 | 0 |
_aForests and forestry _vJuvenile fiction. |
|
| 650 | 0 |
_aGardening _vJuvenile fiction. |
|
| 650 | 0 |
_aFamilies _vJuvenile fiction. |
|
| 650 | 0 |
_aWisdom _vJuvenile fiction. |
|
| 655 | 7 |
_aBiographical fiction. _2fast _0(OCoLC)fst01726537. |
|
| 655 | 7 |
_aFiction. _2fast _0(OCoLC)fst01423787. |
|
| 655 | 7 |
_aJuvenile works. _2fast _0(OCoLC)fst01411637. |
|
| 655 | 7 |
_aBiographical fiction. _2lcgft. |
|
| 700 | 1 |
_aHavens, Allison, _eillustrator. |
|
| 700 | 1 |
_aMejia, Omar, _etranslator. |
|
| 700 | 1 | 2 |
_iContains: _aCarter, Andy, _d1948- _tMargarito's forest. |
| 700 | 1 | 2 |
_iContains: _aCarter, Andy, _d1948-. _tMargarito's forest. _lSpanish. |
| 942 | _cBK | ||
| 999 |
_c29388 _d29386 |
||